Didáctica de las matemáticas: cuestiones, teoría y práctica en el aula

Պահպանված է:
Մատենագիտական մանրամասներ
Հիմնական հեղինակ: Orton, Anthony (autor)
Ձևաչափ: Գիրք
Լեզու:իսպաներեն
Հրապարակվել է: Madrid Ministerio de Educación y Ciencia 1996
Madrid Ediciones Morata 1996
Հրատարակություն:2a. ed
Շարք:Pedagogía. Educación Infantil y Primaria
Խորագրեր:
Ցուցիչներ: Ավելացրեք ցուցիչ
Չկան պիտակներ, Եղեք առաջինը, ով նշում է այս գրառումը!

MARC

LEADER 00000nam a2200000 a 4500
001 UCL3107
003 CL-VaPUC
008 031114e19960000sp |||||||||||||||||spa|d
020 |a 8471123452 
082 0 4 |a 372.7  |b ORT  |2 21 
100 |a Orton, Anthony  |e autor  |9 480321 
245 1 0 |a Didáctica de las matemáticas: cuestiones, teoría y práctica en el aula 
250 |a 2a. ed 
300 |a 239 p 
942 |c BK 
945 |d 20031114 00:00:00  |a cmena 
260 |a Madrid  |b Ministerio de Educación y Ciencia  |c 1996 
260 |a Madrid  |b Ediciones Morata  |c 1996 
650 0 |a Matemáticas  |x Enseñanza  |9 875527 
650 0 |a Educación básica   |9 224933 
650 0 |a Métodos de enseñanza  |9 270413 
583 |a last modification  |c 20171123 01:52:17  |k Rodrigo Vera 
490 0 |a Pedagogía. Educación Infantil y Primaria 
999 |c 306238  |d 306236 
952 |0 0  |1 0  |4 0  |6 372_700000000000000_ORT_1996_1996  |7 0  |8 A  |9 371100  |a BIBMAT  |b BIBMAT  |c E_DIDACT  |d 2019-11-21  |i 3963543  |o 372.7 ORT 1996 1996  |p 3963543  |r 2025-01-07  |w 2019-11-21  |y BK  |k MAT 
952 |0 0  |1 0  |4 0  |6 372_700000000000000_ORT_1996_1996  |7 0  |8 A  |9 371101  |a BIBMAT  |b BIBMAT  |c E_DIDACT  |d 2019-11-21  |i 3963551  |o 372.7 ORT 1996 1996  |p 3963551  |r 2025-01-07  |w 2019-11-21  |y BK  |k MAT